| 000 | 01267nam a22003617a 4500 | ||
|---|---|---|---|
| 003 | CHAP | ||
| 005 | 20220329143754.0 | ||
| 008 | 110804s1999 us a r 00010 eng d | ||
| 010 | _a101713 | ||
| 011 | _a102685 | ||
| 020 | _a0520222334 | ||
| 035 | _a113374 | ||
| 040 | _cCHAP | ||
| 082 | 0 | 4 |
_a338.1096651 _bSch76 |
| 100 | 1 |
_aSchroeder, Richard A. _9103185 |
|
| 245 | 1 | 0 |
_aShady practices : _bagroforestry and gender politics in the Gambia _c/por Richard A. Schroeder |
| 260 |
_aBerkeley Ca. : _bUniversity of California, _c1999 |
||
| 300 |
_axxxiv, 172 p. : _bilus.,tablas |
||
| 590 |
_aBATCH-UPD _b10 _c20130110 _lUCH01 _h0927 |
||
| 590 |
_aBATCH-UPD _b10 _c20130410 _lUCH01 _h0548 |
||
| 590 |
_aBATCH-UPD _b10 _c20130913 _lUCH01 _h1958 |
||
| 590 |
_aCONVERSION _b10 _c20130109 _lUCH01 _h1356 |
||
| 650 | 1 | 4 |
_aAfrica _xCondiciones económicas. _91035 |
| 650 | 1 | 4 |
_aAfrica _xCondiciones rurales. _91036 |
| 650 | 1 | 4 |
_aAfrica _xCondiciones sociales. _91037 |
| 650 | 1 | 4 |
_aAfrica _xPolítica y gobierno. _91041 |
| 650 | 1 | 4 |
_aAgricultura _xGambia. _91500 |
| 650 | 1 | 4 |
_aEnfoque de género. _936945 |
| 650 | 1 | 4 |
_aMujer _xSituación social _zAfrica. _979335 |
| 901 | _aBK | ||
| 942 | _cLIBRO | ||
| 949 |
_a338.1096651 Sch76 _bBC _cLIBRO _d33724002300248 _eLIBRO _h115478 _i113374 _sb |
||
| 999 |
_c101713 _d101713 |
||